| 000 | 00895nam a2200433Ia 4500 | ||
|---|---|---|---|
| 001 | 2520 | ||
| 008 | 191123s9999 xx 000 0 und d | ||
| 041 | _aspa | ||
| 044 | _asp | ||
| 100 | _aPijoan | ||
| 245 | 0 | _aHistoria del Arte. | |
| 250 | _a6. ed. | ||
| 260 |
_aBarcelona : _bSalvat, _c1961. |
||
| 300 | _a429 p. | ||
| 650 | _aALEMANIA | ||
| 650 | _aARQUITECTURA | ||
| 650 | _aBARROCO | ||
| 650 | _aESPAÑA | ||
| 650 | _aFRANCIA | ||
| 650 | _aITALIA | ||
| 650 | _aMIGUEL ANGEL | ||
| 650 | _aNEOCLASICISMO | ||
| 650 | _aPINTURAS | ||
| 650 | _aREALISMO | ||
| 650 | _aRENACIMIENTO | ||
| 650 | _aROMANTICISMO | ||
| 650 | _aSIGLO XIX | ||
| 650 | _aSIGLO XVI | ||
| 650 | _aVENECIA | ||
| 902 | _aM | ||
| 903 | _am | ||
| 904 | _am | ||
| 905 | _a4 | ||
| 907 | _aImpreso | ||
| 911 | _ailus. b/n; 26 cm | ||
| 912 | _a1961 | ||
| 942 | _cLIBRO | ||
| 999 |
_c2206 _d2206 |
||